| 000 | 00341nam a2200133Ia 4500 | ||
|---|---|---|---|
| 008 | 240624s9999 xx 000 0 und d | ||
| 041 | _aeng | ||
| 082 | _a388.092 SIN | ||
| 100 | _aSINGH PRITAM | ||
| 245 | _aIN SEARCH OF CHANGE MAESTROS A BOOK ABOU | ||
| 260 |
_c2011 _aNew Delhi _bSage Publications |
||
| 300 | _a532 : p. | ||
| 365 |
_cRS _b34 |
||
| 999 |
_c16964 _d16964 |
||